| 000 | 01168na a2200325 4500 | ||
|---|---|---|---|
| 001 | 22072 | ||
| 003 | MIRAKIL | ||
| 005 | 20181213154921.0 | ||
| 008 | 170210b tu 000 0 | ||
| 040 |
_aMilas _btur _cTR-AnCHP |
||
| 041 | _atur | ||
| 090 | _aSHP 4 | ||
| 100 |
_aBaykal, Deniz _cGenel Sekreter |
||
| 222 | _aDeniz Baykal'ın konuşmaları | ||
| 245 |
_aSHP genel sekreteri Deniz Baykal'ın "Sosyal Demokrasi'de Ekonomi Politikaları" konulu uluslararası konferansta yaptığı konuşma _c[Deniz Baykal] |
||
| 246 | _aSosyal Demokrasi'de Ekonomi Politikaları1 | ||
| 260 |
_aAnkara _b[SHP] _c11 Eylül 1989 |
||
| 300 |
_a54 s. _c20 sm. |
||
| 440 |
_aSHP yayınları _pSöylev ve demeçler |
||
| 600 |
_aBaykal, Deniz _cSHP Genel Sekreteri _xKonuşmalar, 1989 |
||
| 600 |
_aBaykal, Deniz _xSöylev ve demeçler |
||
| 610 |
_aSHP _xSöylev ve demeçler |
||
| 650 |
_aSHP Genel başkanları _xBaykal, Deniz _yKonuşmalar, 1989 _ySosyal demokrasi |
||
| 657 | _aDeniz Baykal'ın konuşmaları | ||
| 710 | _aSHP | ||
| 740 | _aSHP Genel Sekreteri Deniz Baykal'ın Konuşmaları | ||
| 830 | _aSHP yayınları | ||
| 942 |
_2dcc _cBKS |
||
| 999 |
_c3113 _d3113 |
||